[Event "Monarque Noir"]
[Site "Gatineau CAN"]
[Date "2006.01.24"]
[Round "4"]
[White "Lacourse, Guy"]
[Black "Brassard, Sylvain"]
[Result "0-1"]
[WhiteElo "1717"]
[BlackElo "1816"]
[PlyCount "136"]
[EventDate "2006.01.03"]
[EventType "swiss"]
[EventRounds "7"]
[EventCountry "CAN"]

1. d4 d5 2. Nf3 Nf6 3. c4 e6 4. Bg5 Nbd7 5. e3 c6 6. Nc3 Qa5 7. Bxf6 Nxf6 8.
Qc2 Ne4 9. Nd2 Nxc3 10. bxc3 dxc4 11. Nxc4 Qc7 12. Be2 Be7 13. O-O O-O 14. Ne5
f6 15. Nf3 Bd6 16. c4 c5 17. g3 cxd4 18. exd4 b6 19. Qb3 Bd7 20. Rac1 Kh8 21.
Bd3 Rae8 22. Qd1 e5 23. dxe5 Bxe5 24. Nxe5 Rxe5 25. Re1 Rxe1+ 26. Qxe1 Re8 27.
Qd2 Re5 28. Re1 Be6 29. Rxe5 Qxe5 30. Qe2 Qxe2 31. Bxe2 Kg8 32. Kf1 Kf8 33. Ke1
Ke7 34. Kd2 Kd6 35. f4 Kc5 36. Kc3 a5 37. a3 g5 38. fxg5 fxg5 39. Bd3 h6 40.
Be2 Bf7 41. Bd3 Be6 42. Be2 Bh3 43. Bd3 h5 44. Be2 h4 45. gxh4 gxh4 46. Bd3 Bg2
47. Be2 Bc6 48. Bf1 Kd6 49. Kd4 Ke6 50. Bh3+ Kf6 51. Bc8 Kg5 52. Ke5 Bf3 53.
Bd7 Bg4 54. Bc6 Be2 55. Bd5 Kg4 56. Be6+ Kf3 57. Kd4 Kg2 58. Ke3 Bf1 59. Bd5+
Kxh2 60. Kf2 Bh3 61. Bf7 Bd7 62. Bd5 Bf5 63. Bf7 Kh3 64. Bh5 Bd3 65. Bf7 Kg4
66. Ke3 Bf5 67. Bd5 h3 68. Kf2 Kf4 0-1

[Event "Monarque Noir"]
[Site "Gatineau CAN"]
[Date "2006.01.24"]
[Round "4"]
[White "Lamothe, Luc"]
[Black "Maisonneuve, Paul"]
[Result "0-1"]
[WhiteElo "1172"]
[BlackElo "1543"]
[PlyCount "51"]
[EventDate "2006.01.03"]
[EventType "swiss"]
[EventRounds "7"]
[EventCountry "CAN"]

1. d4 Nf6 2. c4 c5 3. Nf3 g6 4. Nc3 cxd4 5. Nxd4 Bg7 6. e4 d6 7. f4 Nbd7 8. Be2
O-O 9. O-O a6 10. Bd2 Qb6 11. Be3 Qxb2 12. Qb3 Qxb3 13. axb3 Nc5 14. b4 Ncxe4
15. Nxe4 Nxe4 16. Ra3 Bd7 17. Rd1 Nf6 18. Rda1 Ng4 19. Bxg4 Bxg4 20. R1a2 Rac8
21. Rc2 Rc7 22. b5 Bxd4 23. Bxd4 axb5 24. c5 Rfc8 25. Rac3 b4 26. Rb3 0-1

[Event "Monarque Noir"]
[Site "Gatineau CAN"]
[Date "2006.01.24"]
[Round "4"]
[White "Libersan, Mattieu"]
[Black "Mai, Lloyd"]
[Result "0-1"]
[WhiteElo "1821"]
[BlackElo "2014"]
[PlyCount "64"]
[EventDate "2006.01.03"]
[EventType "swiss"]
[EventRounds "7"]
[EventCountry "CAN"]

1. e4 c5 2. Nf3 d6 3. d4 cxd4 4. Nxd4 Nf6 5. Nc3 g6 6. Be3 Bg7 7. f3 Nc6 8. Qd2
O-O 9. Bc4 Bd7 10. h4 Ne5 11. Bb3 h5 12. O-O-O Rc8 13. Bg5 Rc5 14. Bxf6 Bxf6
15. f4 Nc6 16. Nxc6 Bxc3 17. Nxe7+ Qxe7 18. bxc3 Qxe4 19. Qxd6 Qe3+ 20. Kb1 Bf5
21. g4 hxg4 22. h5 Rxc3 23. hxg6 Rxb3+ 24. axb3 Qxb3+ 25. Ka1 Qc3+ 26. Ka2
Qxc2+ 27. Ka3 Qc3+ 28. Ka4 Bc2+ 29. Kb5 Qb3+ 30. Kc5 Rc8+ 31. Kd4 Rc4+ 32. Ke5
Qe3+ 0-1

[Event "Monarque Noir"]
[Site "Gatineau CAN"]
[Date "2006.01.24"]
[Round "4"]
[White "Pepin, Christian"]
[Black "Forget, David"]
[Result "1/2-1/2"]
[WhiteElo "2067"]
[BlackElo "1955"]
[PlyCount "58"]
[EventDate "2006.01.03"]
[EventType "swiss"]
[EventRounds "7"]
[EventCountry "CAN"]

1. e4 e6 2. d4 d5 3. exd5 exd5 4. Bd3 Nc6 5. c3 Bd6 6. Qf3 Nf6 7. h3 O-O 8. Bg5
Be7 9. Ne2 Re8 10. Bxf6 Bxf6 11. O-O Ne7 12. Re1 Ng6 13. Nd2 Nh4 14. Qg3 Bf5
15. Nf4 Bxd3 16. Rxe8+ Qxe8 17. Nxd5 Qd8 18. Nxf6+ Qxf6 19. Qxd3 Qg5 20. Qg3
Qxd2 21. Qxh4 Qxb2 22. Re1 Qxc3 23. Qf4 Qc6 24. Rc1 Qd6 25. Qxd6 cxd6 26. Rc7
Kf8 27. Kf1 Ke8 28. Ke2 Rd8 29. Rxb7 Rd7 1/2-1/2

[Event "Monarque Noir"]
[Site "Gatineau CAN"]
[Date "2006.01.31"]
[Round "5"]
[White "Arsenault, Yves"]
[Black "Berthiaume, Patrick"]
[Result "1-0"]
[WhiteElo "1558"]
[BlackElo "903"]
[PlyCount "35"]
[EventDate "2006.01.03"]
[EventType "swiss"]
[EventRounds "7"]
[EventCountry "CAN"]

1. e4 e5 2. Nf3 Nc6 3. Bc4 Nf6 4. Nc3 Bc5 5. d3 d6 6. a3 h5 7. b4 Bb6 8. Bg5
Bg4 9. h3 Bxf3 10. gxf3 a5 11. Nd5 Ba7 12. f4 Nxd5 13. Bxd8 Rxd8 14. Bxd5 axb4
15. Bxc6+ bxc6 16. axb4 c5 17. Rxa7 cxb4 18. Rxc7 1-0

[Event "Monarque Noir"]
[Site "Gatineau CAN"]
[Date "2006.01.31"]
[Round "5"]
[White "Blouin, Francois"]
[Black "Libersan, Mattieu"]
[Result "0-1"]
[WhiteElo "1563"]
[BlackElo "1810"]
[PlyCount "52"]
[EventDate "2006.01.03"]
[EventType "swiss"]
[EventRounds "7"]
[EventCountry "CAN"]

1. e4 e5 2. Nf3 f5 3. d3 Nc6 4. Nc3 Nf6 5. g3 Bb4 6. exf5 d5 7. Bd2 Bxf5 8. Bg2
Qd7 9. a3 Bc5 10. b4 Bd4 11. Nxd4 Nxd4 12. Ne2 Bg4 13. f3 Nxf3+ 14. Bxf3 Bxf3
15. O-O e4 16. Qe1 O-O 17. Nd4 Qg4 18. Bf4 Rae8 19. Qf2 Nh5 20. Nxf3 Rxf4 21.
Rae1 Rxf3 22. Qd4 Nf6 23. Kg2 h5 24. Rf2 h4 25. Re3 hxg3 26. Rfxf3 exf3+ 0-1

[Event "Monarque Noir"]
[Site "Gatineau CAN"]
[Date "2006.01.31"]
[Round "5"]
[White "Forget, David"]
[Black "Brassard, Sylvain"]
[Result "1-0"]
[WhiteElo "1955"]
[BlackElo "1816"]
[PlyCount "32"]
[EventDate "2006.01.03"]
[EventType "swiss"]
[EventRounds "7"]
[EventCountry "CAN"]

1. d4 d5 2. c4 c6 3. Nf3 Nf6 4. cxd5 cxd5 5. Nc3 Nc6 6. Bf4 a6 7. Ne5 Qb6 8.
Nxc6 Qxc6 9. e3 Bf5 10. Rc1 Rc8 11. e4 dxe4 12. Nb5 Qb6 13. Rc7 Qe6 14. Qa4
axb5 15. Qxb5+ Qc6 16. Rxc6 bxc6 1-0

[Event "Monarque Noir"]
[Site "Gatineau CAN"]
[Date "2006.01.31"]
[Round "5"]
[White "Groleau, Gilles"]
[Black "Desjardins, Michel"]
[Result "1/2-1/2"]
[WhiteElo "2030"]
[BlackElo "1891"]
[PlyCount "60"]
[EventDate "2006.01.03"]
[EventType "swiss"]
[EventRounds "7"]
[EventCountry "CAN"]

1. e4 d5 2. exd5 Qxd5 3. Nc3 Qd6 4. d4 Nf6 5. Nf3 a6 6. a4 Bg4 7. Be3 Nc6 8. h3
Bh5 9. g4 Bg6 10. Nh4 O-O-O 11. Nxg6 hxg6 12. g5 Nd5 13. Nxd5 Qxd5 14. Qg4+ e6
15. Bg2 Qc4 16. c3 Ne7 17. Qf3 Nd5 18. Bd2 Rd7 19. Qe2 Qxe2+ 20. Kxe2 Bd6 21.
Bxd5 exd5 22. f4 Re7+ 23. Kf3 Rhe8 24. Rae1 Rxe1 25. Rxe1 Rxe1 26. Bxe1 Kd7 27.
Kg4 Ke6 28. Bd2 c6 29. h4 b5 30. axb5 axb5 1/2-1/2

[Event "Monarque Noir"]
[Site "Gatineau CAN"]
[Date "2006.01.31"]
[Round "5"]
[White "Jangwa, Valentin"]
[Black "Beland, Guy"]
[Result "1-0"]
[WhiteElo "1793"]
[BlackElo "1495"]
[PlyCount "36"]
[EventDate "2006.01.03"]
[EventType "swiss"]
[EventRounds "7"]
[EventCountry "CAN"]

1. e4 e5 2. Nf3 Nc6 3. Bb5 a6 4. Ba4 Nf6 5. Nc3 d6 6. Bxc6+ bxc6 7. d4 Be7 8.
dxe5 dxe5 9. Qxd8+ Bxd8 10. Nxe5 O-O 11. Nxc6 Bb7 12. Nxd8 Raxd8 13. f3 Rfe8
14. Bg5 Rd6 15. O-O h6 16. Bf4 Rc6 17. Rfd1 g5 18. Be3 Nh5 1-0

[Event "Monarque Noir"]
[Site "Gatineau CAN"]
[Date "2006.01.31"]
[Round "5"]
[White "Laferriere, Bruno"]
[Black "Szalay, Karoly"]
[Result "1/2-1/2"]
[WhiteElo "1725"]
[BlackElo "1737"]
[PlyCount "55"]
[EventDate "2006.01.03"]
[EventType "swiss"]
[EventRounds "7"]
[EventCountry "CAN"]

1. e4 e5 2. Nf3 Nc6 3. Bb5 a6 4. Ba4 Nf6 5. O-O b5 6. Bb3 Bc5 7. Nxe5 Nxe5 8.
d4 Bxd4 9. Qxd4 d6 10. c3 c5 11. Qd1 c4 12. Bc2 Bb7 13. Bg5 O-O 14. Nd2 d5 15.
Bxf6 Qxf6 16. exd5 Bxd5 17. Ne4 Bxe4 18. Bxe4 Rad8 19. Qc2 Nd3 20. Rad1 Qd6 21.
Rd2 Rfe8 22. Bf3 Qg6 23. Rfd1 Qg5 24. g3 Rd6 25. Be2 Ne1 26. Qc1 Nd3 27. Qc2
Ne1 28. Qc1 1/2-1/2

[Event "Monarque Noir"]
[Site "Gatineau CAN"]
[Date "2006.01.31"]
[Round "5"]
[White "Maisonneuve, Paul"]
[Black "Lacourse, Guy"]
[Result "1/2-1/2"]
[WhiteElo "1529"]
[BlackElo "1717"]
[PlyCount "84"]
[EventDate "2006.01.03"]
[EventType "swiss"]
[EventRounds "7"]
[EventCountry "CAN"]

1. d4 d5 2. Bf4 Nf6 3. e3 Nbd7 4. Nf3 e6 5. Bd3 Ne4 6. Nbd2 f5 7. O-O Ndf6 8.
c4 Be7 9. h3 O-O 10. Ne5 Nxd2 11. Qxd2 Bd7 12. Rac1 c6 13. cxd5 exd5 14. b4 Ne4
15. Qb2 Nd6 16. a4 g5 17. Bh2 Be6 18. b5 cxb5 19. Bxb5 f4 20. Be2 Rc8 21. exf4
gxf4 22. Nd3 Nc4 23. Qxb7 Bg5 24. Nc5 Bf5 25. Bxc4 dxc4 26. Rxc4 Rb8 27. Qf3
Qe7 28. Qd5+ Kg7 29. Qe5+ Qxe5 30. dxe5 Rfe8 31. Re1 Rxe5 32. Rec1 Rb2 33. Bxf4
Rxc5 34. Bxg5 Rxc4 35. Rxc4 Kg6 36. Be3 Rc2 37. Rxc2 Bxc2 38. Bxa7 Bxa4 39. f4
Kf5 40. Bb8 h5 41. Kf2 Bd1 42. Ke1 Ba4 1/2-1/2

[Event "Monarque Noir"]
[Site "Gatineau CAN"]
[Date "2006.01.31"]
[Round "5"]
[White "Ralchenko, Maxim"]
[Black "Lamothe, Luc"]
[Result "1-0"]
[WhiteElo "1601"]
[BlackElo "1172"]
[PlyCount "54"]
[EventDate "2006.01.03"]
[EventType "swiss"]
[EventRounds "7"]
[EventCountry "CAN"]

1. e4 e5 2. Nf3 Nf6 3. Nxe5 d6 4. Nf3 Nxe4 5. d3 Nf6 6. Nc3 Be7 7. Bg5 O-O 8.
Be2 Nc6 9. O-O Re8 10. d4 Bg4 11. Qd2 a6 12. Qf4 Nb4 13. Bxf6 Bxf3 14. Bxe7
Rxe7 15. Bxf3 Nxc2 16. Rac1 Nb4 17. Rfd1 Qe8 18. Be2 Nxa2 19. Nxa2 Rxe2 20. Rb1
Qd7 21. Nc3 Re7 22. Re1 Rae8 23. Rxe7 Qxe7 24. Qd2 Qd7 25. Re1 Kf8 26. Nd5 c6
27. Nc3 a5 1-0

[Event "Monarque Noir"]
[Site "Gatineau CAN"]
[Date "2006.01.31"]
[Round "5"]
[White "Thompson, Dan"]
[Black "Jani, Louis"]
[Result "1-0"]
[WhiteElo "1363"]
[BlackElo "1416"]
[PlyCount "39"]
[EventDate "2006.01.03"]
[EventType "swiss"]
[EventRounds "7"]
[EventCountry "CAN"]

1. d4 Nf6 2. c4 e6 3. Nc3 d5 4. cxd5 exd5 5. Nf3 c6 6. e3 Bd6 7. Bd3 Bg4 8. Qb3
Qc7 9. Ne5 Nbd7 10. f4 Bh5 11. h3 Bg6 12. f5 Bxe5 13. dxe5 Nxe5 14. O-O Nxd3
15. fxg6 hxg6 16. Nxd5 Nxd5 17. Qxd3 O-O-O 18. Qc4 Rxh3 19. Qg4+ Qd7 20. Qxd7+
1-0

[Event "Monarque Noir"]
[Site "Gatineau CAN"]
[Date "2006.02.07"]
[Round "6"]
[White "Beland, Guy"]
[Black "Levesque, Andre"]
[Result "1-0"]
[WhiteElo "1475"]
[BlackElo "1345"]
[PlyCount "107"]
[EventDate "2006.01.03"]
[EventType "swiss"]
[EventRounds "7"]
[EventCountry "CAN"]

1. e4 c5 2. Nf3 Nc6 3. d4 cxd4 4. Nxd4 g6 5. Bc4 Bg7 6. c3 Nf6 7. Nd2 O-O 8.
O-O e6 9. Re1 Nxe4 10. Nxe4 Nxd4 11. cxd4 d5 12. b3 dxc4 13. Bb2 cxb3 14. axb3
b6 15. Qe2 Bb7 16. Rad1 Qd5 17. f3 Qxb3 18. Rb1 Qd5 19. h4 Bxd4+ 20. Kh1 f6 21.
Bxd4 Qxd4 22. Red1 Qe5 23. Rd7 Bc6 24. Re7 Bxe4 25. fxe4 Qd6 26. Rb7 Rfd8 27.
h5 Rd7 28. Rxd7 Qxd7 29. Rd1 Qg7 30. g4 gxh5 31. gxh5 Qf7 32. Rg1+ Kh8 33. h6
Rg8 34. Rxg8+ Qxg8 35. e5 f5 36. Qf3 Qc8 37. Kh2 Qc2+ 38. Kg1 Qe4 39. Qa3 Qg4+
40. Kf1 Qc4+ 41. Kg2 Qd5+ 42. Kh3 Qh1+ 43. Kg3 Qg1+ 44. Kh3 Qg4+ 45. Kh2 Qh4+
46. Kg2 Qg5+ 47. Kf1 Qf4+ 48. Kg2 Qe4+ 49. Kh3 Qa8 50. Kg3 a5 51. Qe7 Qg8+ 52.
Kf2 Qg6 53. Qd8+ Qg8 54. Qf6+ 1-0

[Event "Monarque Noir"]
[Site "Gatineau CAN"]
[Date "2006.02.07"]
[Round "6"]
[White "Berthiaume, Serge"]
[Black "Arsenault, Yves"]
[Result "0-1"]
[WhiteElo "1132"]
[BlackElo "1536"]
[PlyCount "58"]
[EventDate "2006.01.03"]
[EventType "swiss"]
[EventRounds "7"]
[EventCountry "CAN"]

1. d4 Nf6 2. c4 e6 3. d5 Bd6 4. Bg5 O-O 5. e4 Re8 6. Nf3 exd5 7. cxd5 Rxe4+ 8.
Be2 Qe7 9. Nc3 Bb4 10. O-O Bxc3 11. bxc3 Rxe2 12. Re1 Rxe1+ 13. Nxe1 d6 14. h3
c6 15. c4 cxd5 16. cxd5 Nbd7 17. Rc1 Nb6 18. Bxf6 Qxf6 19. Rc7 Qd8 20. Qe2 Nxd5
21. Rc1 Be6 22. Nd3 Qg5 23. Rc2 Bxh3 24. Ne1 Nf4 25. Qf3 Re8 26. Kh2 Bf5 27.
Rc1 Qh4+ 28. Kg1 Ne2+ 29. Kf1 Qh1# 0-1

[Event "Monarque Noir"]
[Site "Gatineau CAN"]
[Date "2006.02.07"]
[Round "6"]
[White "Dupont, Claude"]
[Black "Lacourse, Guy"]
[Result "0-1"]
[WhiteElo "1432"]
[BlackElo "1717"]
[PlyCount "132"]
[EventDate "2006.01.03"]
[EventType "swiss"]
[EventRounds "7"]
[EventCountry "CAN"]

1. e4 c5 2. Nf3 d6 3. Bb5+ Nd7 4. O-O a6 5. Bxd7+ Qxd7 6. c4 Nf6 7. Nc3 b5 8.
cxb5 axb5 9. d3 e6 10. e5 b4 11. exf6 bxc3 12. bxc3 gxf6 13. a4 Bb7 14. Nd2 h5
15. Nc4 Qc7 16. a5 Be7 17. Be3 f5 18. f3 h4 19. h3 Bc6 20. Nb6 Rb8 21. d4 c4
22. d5 Bd7 23. Qd4 e5 24. Qxc4 Qxc4 25. Nxc4 Bb5 26. Rfb1 O-O 27. Nb6 Bd3 28.
Rb4 Ba6 29. Nd7 Rxb4 30. cxb4 Rc8 31. Rc1 Rxc1+ 32. Bxc1 f4 33. Nb8 Bc4 34. Nc6
Bf6 35. Nb8 Bxd5 36. a6 Bd8 37. b5 Bc4 38. a7 Bb6+ 39. Kh1 Bxa7 40. Nc6 Bc5 41.
Ne7+ Kf8 42. Nf5 Bxb5 43. Nxh4 Bd7 44. Bd2 Bf2 45. Bb4 Ke7 46. g3 Bxg3 47. Ng2
Bxh3 48. Kg1 Bxg2 49. Kxg2 f5 50. Kf1 e4 51. Ke2 Ke6 52. Bc3 d5 53. Bd4 Bh4 54.
Bc3 Bf6 55. Bd2 Be5 56. Bb4 d4 57. fxe4 fxe4 58. Be1 Kd5 59. Ba5 Kc4 60. Be1
Bc7 61. Bd2 d3+ 62. Kd1 e3 63. Be1 f3 64. Bh4 e2+ 65. Ke1 Bb6 66. Bg5 f2+ 0-1

[Event "Monarque Noir"]
[Site "Gatineau CAN"]
[Date "2006.02.07"]
[Round "6"]
[White "Guimond, Michel"]
[Black "Groleau, Gilles"]
[Result "1-0"]
[WhiteElo "1887"]
[BlackElo "2030"]
[PlyCount "127"]
[EventDate "2006.01.03"]
[EventType "swiss"]
[EventRounds "7"]
[EventCountry "CAN"]

1. e4 c5 2. Nf3 e6 3. d4 cxd4 4. Nxd4 Nf6 5. Nc3 d6 6. Bg5 Nc6 7. Qd2 Qb6 8.
Ndb5 a6 9. Be3 Qd8 10. Nd4 Be7 11. Be2 Bd7 12. f4 Qc7 13. h3 b5 14. Bf3 Rc8 15.
a3 O-O 16. g4 Na5 17. g5 Nc4 18. Qf2 Ne8 19. f5 Nxe3 20. Qxe3 e5 21. Nd5 Qd8
22. Nxe7+ Qxe7 23. Ne2 d5 24. f6 Qc5 25. Qxc5 Rxc5 26. O-O-O d4 27. fxg7 Nxg7
28. h4 Rfc8 29. Rd2 Be6 30. Kb1 a5 31. Nc1 b4 32. Nd3 bxa3 33. Nxc5 a2+ 34. Ka1
Rxc5 35. Rc1 Kf8 36. Be2 Ke7 37. c4 Ne8 38. b3 Nd6 39. Bd3 Nc8 40. Kxa2 Na7 41.
Rg1 Nc6 42. Bf1 Nb4+ 43. Ka3 Bd7 44. Bg2 Na6 45. Bf1 Bc6 46. Bd3 Nb4 47. Bb1
Na6 48. Bd3 Bd7 49. Rf1 Rc7 50. Rf6 Nc5 51. Bc2 Bc6 52. Rh6 d3 53. Bxd3 a4 54.
b4 Nxd3 55. Rxd3 Bxe4 56. Rc3 Bg6 57. h5 Bf5 58. b5 Rd7 59. Kxa4 e4 60. b6 Rd3
61. Rc1 Bd7+ 62. Kb4 Rd2 63. Re1 Rb2+ 64. Kc5 1-0

[Event "Monarque Noir"]
[Site "Gatineau CAN"]
[Date "2006.02.07"]
[Round "6"]
[White "Jangwa, Valentin"]
[Black "Maisonneuve, Paul"]
[Result "1-0"]
[WhiteElo "1793"]
[BlackElo "1543"]
[PlyCount "55"]
[EventDate "2006.01.03"]
[EventType "swiss"]
[EventRounds "7"]
[EventCountry "CAN"]

1. e4 d6 2. d4 Nf6 3. Nc3 g6 4. Bc4 Bg7 5. Nf3 O-O 6. Bg5 Nxe4 7. Bxf7+ Rxf7 8.
Nxe4 Bf5 9. Ng3 Bg4 10. h3 Bxf3 11. gxf3 Qf8 12. O-O Rxf3 13. c3 Nc6 14. Qb3+
Kh8 15. Qxb7 Qe8 16. Kg2 Rf7 17. Qxc7 Rb8 18. d5 Rc8 19. Qb7 Rb8 20. Qa6 Ne5
21. Qxa7 Qb5 22. Rad1 Qxb2 23. Rb1 Rxf2+ 24. Qxf2 Qxf2+ 25. Kxf2 Rf8+ 26. Kg2
Rc8 27. Bxe7 Rxc3 28. Rb8+ 1-0

[Event "Monarque Noir"]
[Site "Gatineau CAN"]
[Date "2006.02.07"]
[Round "6"]
[White "Lamothe, Luc"]
[Black "Ivan, Rainey"]
[Result "1-0"]
[WhiteElo "1172"]
[BlackElo "1062"]
[PlyCount "37"]
[EventDate "2006.01.03"]
[EventType "swiss"]
[EventRounds "7"]
[EventCountry "CAN"]

1. d4 d5 2. c4 Nf6 3. Nc3 c6 4. a4 e6 5. Nf3 Bb4 6. Bd2 dxc4 7. e3 O-O 8. Bxc4
Bxc3 9. Bxc3 b6 10. O-O Ne4 11. Bb4 c5 12. Ba3 Ba6 13. Bxa6 Nxa6 14. Qd3 cxd4
15. Bxf8 Nec5 16. Bxc5 Nxc5 17. Qxd4 Nb3 18. Qxd8+ Rxd8 19. Rad1 1-0

[Event "Monarque Noir"]
[Site "Gatineau CAN"]
[Date "2006.02.08"]
[Round "6"]
[White "Laurin, Marcel"]
[Black "Libersan, Mattieu"]
[Result "1/2-1/2"]
[WhiteElo "1717"]
[BlackElo "1810"]
[PlyCount "45"]
[EventDate "2006.01.03"]
[EventType "swiss"]
[EventRounds "7"]
[EventCountry "CAN"]

1. d4 Nf6 2. c4 e5 3. dxe5 Ne4 4. Nf3 d6 5. Nbd2 Bf5 6. Nxe4 Bxe4 7. e3 Nc6 8.
exd6 Bxd6 9. Bd2 Qe7 10. Be2 O-O-O 11. Qa4 g5 12. Nd4 Nxd4 13. exd4 Bd3 14. Be3
Bb4+ 15. Kf1 Bxe2+ 16. Kxe2 Kb8 17. Rhd1 f5 18. Kf1 f4 19. Bd2 Bxd2 20. Rxd2
Qe4 21. Re1 Qf5 22. Re5 Qb1+ 23. Re1 1/2-1/2

[Event "Monarque Noir"]
[Site "Gatineau CAN"]
[Date "2006.02.07"]
[Round "6"]
[White "Szalay, Karoly"]
[Black "Gagnon, Fabien"]
[Result "0-1"]
[WhiteElo "1800"]
[BlackElo "2007"]
[PlyCount "72"]
[EventDate "2006.01.03"]
[EventType "swiss"]
[EventRounds "7"]
[EventCountry "CAN"]

1. e4 c5 2. Nf3 Nc6 3. d4 cxd4 4. Nxd4 g6 5. Nc3 Bg7 6. Be3 Nf6 7. Bc4 O-O 8.
f3 Qb6 9. Ncb5 a6 10. Nf5 Qa5+ 11. Bd2 Qd8 12. Nh6+ Bxh6 13. Bxh6 axb5 14. Bxf8
Kxf8 15. Bb3 Qb6 16. h4 Qe3+ 17. Qe2 Qf4 18. Qxb5 Qg3+ 19. Kf1 Ra5 20. Qc4 d5
21. exd5 Nxd5 22. Qe2 Nf6 23. Qf2 Qc7 24. Rd1 Nh5 25. Kg1 Ng3 26. Rh2 h5 27.
Qd2 Kg7 28. Qc3+ f6 29. Re1 Qb6+ 30. Qe3 Qc7 31. Qc3 e5 32. Kf2 Nf5 33. Qc4
Qb6+ 34. Ke2 Be6 35. Qd3 Ncd4+ 36. Kd2 Nxb3+ 0-1

[Event "Monarque Noir"]
[Site "Gatineau CAN"]
[Date "2006.02.07"]
[Round "6"]
[White "Thompson, Dan"]
[Black "Blais, Francois"]
[Result "1-0"]
[WhiteElo "1363"]
[BlackElo "1565"]
[PlyCount "57"]
[EventDate "2006.01.03"]
[EventType "swiss"]
[EventRounds "7"]
[EventCountry "CAN"]

1. d4 Nf6 2. c4 e6 3. Nc3 Bb4 4. e3 b6 5. Bd3 Bxc3+ 6. bxc3 Bb7 7. f3 O-O 8.
Ne2 d6 9. O-O c5 10. e4 Nbd7 11. Bg5 Qc7 12. d5 e5 13. f4 h6 14. Bxf6 Nxf6 15.
Ng3 Rae8 16. fxe5 Rxe5 17. Rxf6 gxf6 18. Nf5 Rxf5 19. exf5 Qe7 20. Qd2 Kh7 21.
Re1 Qd8 22. Re3 Rg8 23. Rh3 Rg5 24. Re3 Bc8 25. Kh1 Bxf5 26. Bxf5+ Rxf5 27. Qc2
Qd7 28. g4 Kg7 29. gxf5 1-0

[Event "Monarque Noir"]
[Site "Gatineau CAN"]
[Date "2006.01.14"]
[Round "7"]
[White "Arsenault, Yves"]
[Black "Beland, Guy"]
[Result "1-0"]
[WhiteElo "1558"]
[BlackElo "1475"]
[PlyCount "109"]
[EventDate "2006.01.03"]
[EventType "swiss"]
[EventRounds "7"]
[EventCountry "CAN"]

1. e4 e5 2. Nf3 Nc6 3. Bc4 Bc5 4. Nc3 Nf6 5. O-O O-O 6. Re1 d6 7. h3 Na5 8. Be2
c6 9. a3 d5 10. exd5 cxd5 11. b4 e4 12. bxc5 exf3 13. Bxf3 d4 14. Ne4 Nxe4 15.
Bxe4 Qc7 16. Qh5 f5 17. Bd5+ Kh8 18. Re8 Bd7 19. Rxa8 Rxa8 20. d3 Qxc5 21. Qf7
Qd6 22. Bf3 Be6 23. Qh5 Nc6 24. Qh4 Qc5 25. Bxc6 bxc6 26. Bb2 Qxc2 27. Qxd4 Rg8
28. Rc1 Qb3 29. Rxc6 f4 30. Rc7 Qb6 31. Qxb6 axb6 32. Rb7 Bf5 33. d4 f3 34.
Rxb6 h5 35. Rb5 Bg6 36. d5 Rf8 37. Rb7 Bf7 38. d6 fxg2 39. Re7 Kh7 40. d7 Kg6
41. Bc3 h4 42. Ba5 Rb8 43. d8=Q Rb3 44. Qd6+ Kh5 45. Re5+ g5 46. Qd2 Kh6 47.
Qxg5+ Kh7 48. Qxh4+ Kg8 49. Rg5+ Kf8 50. Bb4+ Ke8 51. Qe4+ Kd7 52. Qe7+ Kc6 53.
Rc5+ Kb6 54. Qc7+ Ka6 55. Ra5# 1-0

[Event "Monarque Noir"]
[Site "Gatineau CAN"]
[Date "2006.02.14"]
[Round "7"]
[White "Groleau, Gilles"]
[Black "Forget, David"]
[Result "1/2-1/2"]
[WhiteElo "2030"]
[BlackElo "1955"]
[PlyCount "51"]
[EventDate "2006.01.03"]
[EventType "swiss"]
[EventRounds "7"]
[EventCountry "CAN"]

1. e4 e6 2. d4 d5 3. Nd2 c5 4. exd5 Qxd5 5. Ngf3 cxd4 6. Bc4 Qd6 7. O-O Nf6 8.
Nb3 Nc6 9. Nbxd4 Nxd4 10. Qxd4 a6 11. Bf4 Qxd4 12. Nxd4 b5 13. Be2 Bb7 14. Rad1
Be7 15. Bf3 Bxf3 16. Nxf3 Nd5 17. Bg3 Bf6 18. c3 O-O 19. Bh4 Bxh4 20. Nxh4 Rfd8
21. Rd2 Kf8 22. Rfd1 Rd7 23. Nf3 Rad8 24. g3 Ke7 25. Ne5 Rd6 26. c4 1/2-1/2

[Event "Monarque Noir"]
[Site "Gatineau CAN"]
[Date "2006.02.14"]
[Round "7"]
[White "Lacourse, Guy"]
[Black "Villeneuve, Luc"]
[Result "1-0"]
[WhiteElo "1717"]
[BlackElo "1605"]
[PlyCount "127"]
[EventDate "2006.01.03"]
[EventType "swiss"]
[EventRounds "7"]
[EventCountry "CAN"]

1. Nf3 Nf6 2. c4 g6 3. Nc3 c5 4. g3 Nc6 5. Bg2 Bg7 6. O-O O-O 7. d3 e6 8. Rb1
b6 9. Bf4 a6 10. Bd6 Re8 11. Qd2 Na5 12. e4 Nb7 13. Bf4 d6 14. h3 Bd7 15. Bh6
Bh8 16. g4 Bc6 17. Ne2 Qc7 18. Ng3 d5 19. exd5 exd5 20. Qg5 Nd6 21. b3 dxc4 22.
dxc4 Nde4 23. Nxe4 Nxe4 24. Qf4 Qxf4 25. Bxf4 Nc3 26. Bc7 Nxb1 27. Rxb1 Re6 28.
Bxb6 Be4 29. Re1 Bxf3 30. Rxe6 Bxg2 31. Re1 Bxh3 32. f3 Bd4+ 33. Kh2 Bxg4 34.
fxg4 Rb8 35. Ba5 Kf8 36. Kg2 Re8 37. Rxe8+ Kxe8 38. Bb6 Kd7 39. Kf3 Kc6 40. Bd8
h6 41. Ke4 Bc3 42. a4 f6 43. Be7 a5 44. Bf8 Bd2 45. Bg7 Bg5 46. Bf8 h5 47. gxh5
gxh5 48. Kf5 h4 49. Kg4 Kb6 50. Bd6 Kc6 51. Bf8 Bd2 52. Kxh4 f5 53. Kh5 f4 54.
Kg4 Bc1 55. Kf3 Bd2 56. Bg7 Kd6 57. Bf8+ Kc6 58. Bh6 Kd7 59. Bxf4 Bxf4 60. Kxf4
Ke6 61. Ke4 Kd6 62. Kf5 Kd7 63. Ke5 Kc6 64. Ke6 1-0

[Event "Monarque Noir"]
[Site "Gatineau CAN"]
[Date "2006.02.14"]
[Round "7"]
[White "Libersan, Mattieu"]
[Black "Jangwa, Valentin"]
[Result "0-1"]
[WhiteElo "1821"]
[BlackElo "1793"]
[PlyCount "102"]
[EventDate "2006.01.03"]
[EventType "swiss"]
[EventRounds "7"]
[EventCountry "CAN"]

1. e4 e5 2. Nf3 Nc6 3. Bc4 Bc5 4. c3 Nf6 5. d4 exd4 6. cxd4 Bb4+ 7. Nc3 Bxc3+
8. bxc3 Nxe4 9. O-O O-O 10. d5 Ne7 11. Re1 Nd6 12. Bd3 Nef5 13. Qc2 g6 14. c4
c5 15. Bb2 f6 16. Re2 Rf7 17. Rae1 Qf8 18. Bxf5 gxf5 19. Nh4 Qh6 20. Nxf5 Nxf5
21. Qxf5 d6 22. Re8+ Rf8 23. Qxf6 Qxf6 24. Bxf6 Rxe8 25. Rxe8+ Kf7 26. Rd8 Kxf6
27. Rxd6+ Ke5 28. Rd8 b6 29. Rh8 Bb7 30. Rxh7 Ba6 31. Rh4 Rf8 32. Rh5+ Rf5 33.
Rh4 Rf4 34. Rh5+ Kd4 35. d6 Bxc4 36. d7 Rf8 37. Rh7 Rd8 38. Re7 Bb5 39. h4 Rxd7
40. Rxd7+ Bxd7 41. h5 Kd3 42. h6 Bf5 43. g4 Bh7 44. f4 Ke4 45. f5 Ke5 46. Kf2
Kf6 47. Ke3 Kg5 48. a3 Kxh6 49. Kf4 Kg7 50. g5 c4 51. f6+ Kf7 0-1

[Event "Monarque Noir"]
[Site "Gatineau CAN"]
[Date "2006.02.14"]
[Round "7"]
[White "Maisonneuve, Paul"]
[Black "Jani, Louis"]
[Result "1-0"]
[WhiteElo "1529"]
[BlackElo "1416"]
[PlyCount "111"]
[EventDate "2006.01.03"]
[EventType "swiss"]
[EventRounds "7"]
[EventCountry "CAN"]

1. d4 Nf6 2. Bf4 e6 3. Nf3 c5 4. e3 Qb6 5. Nc3 cxd4 6. exd4 Bb4 7. Bd2 Bxc3 8.
Bxc3 Nd5 9. Qd2 Nc6 10. Be2 O-O 11. O-O d6 12. Rad1 Qc7 13. Rfe1 Nxc3 14. Qxc3
d5 15. a3 a6 16. Ne5 f6 17. Nd3 Qf7 18. Bf3 Ne7 19. Qc7 Ng6 20. Qxf7+ Rxf7 21.
Nc5 Rc7 22. c3 Nf8 23. Re3 b6 24. Nd3 Bd7 25. Rde1 Re8 26. Nf4 Rcc8 27. Be2 a5
28. Nh5 Kf7 29. Rf3 e5 30. dxe5 Rxe5 31. Re3 Rce8 32. Bf3 Bc6 33. Nf4 Ng6 34.
Bxd5+ Bxd5 35. Nxd5 Rxe3 36. Rxe3 Rd8 37. c4 b5 38. b3 Ne5 39. f4 bxc4 40. fxe5
Rxd5 41. e6+ Ke7 42. bxc4 Re5 43. Rxe5 fxe5 44. Kf2 Kxe6 45. Ke3 Kd6 46. Ke4
Kc5 47. Kxe5 Kxc4 48. Ke4 Kb3 49. Kd3 a4 50. g3 Kxa3 51. Kc3 Ka2 52. Kc2 Ka1
53. Kc1 a3 54. g4 g5 55. Kc2 a2 56. Kc1 1-0